000 00280nam a22001217a 4500
008 171101b xxu||||| |||| 00| 0 eng d
041 _aeng
080 _25 ED
_a339
100 _a59
101 _aTRE
245 _aVISUAL MERCHANDISING AND DISPLAY
_cPEGLER.M.M
942 _2udc
_cBK
999 _c37092
_d37092